| 000 | 01555nam a2200445 i 4500 | ||
|---|---|---|---|
| 001 | 23955 | ||
| 003 | KOSZ 005 | ||
| 005 | 20210809094807.0 | ||
| 008 | 971113s1988 pl a f |001 0 pol | ||
| 015 | _aUWD 1988/4026 | ||
| 020 | _a8320408105 | ||
| 035 | _a991003075809705066 | ||
| 035 | _a(PL-WaBN)b10830042-48omnis_nlop | ||
| 035 | _ab10830042 | ||
| 035 | _a(OCoLC)830084297 | ||
| 035 | _a(PL)b0000001083004 | ||
| 035 | _a(EXLNZ-48OMNIS_NETWORK)9910394216905606 | ||
| 040 |
_aWA N _cWA N _dKOSZ 005/EG |
||
| 080 | _a62-045.43 | ||
| 245 | 1 | 0 |
_aProjektoznawstwo : _belementy wiedzy o projektowaniu / _cpod red. Wojciecha Gasparskiego ; [aut. Mirosław Amanowicz et al.]. |
| 260 |
_aWarszawa : _bWydawnictwa Naukowo-Techniczne, _c1988. |
||
| 300 |
_a407, [1] s. : _brys., wykr. ; _c25 cm. |
||
| 336 |
_2rdacontent _aTekst _btxt |
||
| 337 |
_2rdamedia _aBez urządzenia pośredniczącego _bn |
||
| 338 |
_2rdacarrier _aWolumin _bnc |
||
| 380 | _aKsiążki | ||
| 380 | _aPublikacje fachowe | ||
| 388 | _a1901-2000 | ||
| 388 | _a1945-1989 | ||
| 504 | _aBibliogr. s. 382-398. - Indeks. | ||
| 650 | 7 |
_aProjektowanie _2DBN |
|
| 650 | 7 | _aTeoria | |
| 658 | _aInżynieria i technika | ||
| 700 | 1 |
_aAmanowicz, Mirosław _d(1948- ) _eAutor |
|
| 700 | 1 |
_aGasparski, Wojciech _d(1936- ) _eRedakcja |
|
| 710 | 2 |
_aWydawnictwa Naukowo-Techniczne _4pbl |
|
| 856 |
_uhttp://koha.tu.koszalin.pl/cgi-bin/koha/opac-detail.pl?biblionumber=23955 _yKatalog online BPK |
||
| 942 |
_2UKD _cKS |
||
| 999 |
_c23955 _d23955 |
||